International conflict and conflict management (Record no. 1625)
[ view plain ]
| 000 -LEADER | |
|---|---|
| fixed length control field | nam a22 a 4500 |
| 005 - DATE AND TIME OF LATEST TRANSACTION | |
| control field | 20170511104224.0 |
| 008 - FIXED-LENGTH DATA ELEMENTS--GENERAL INFORMATION | |
| fixed length control field | 170511s1984 enka | 000 | eng d |
| 020 ## - INTERNATIONAL STANDARD BOOK NUMBER | |
| International Standard Book Number | 0134727398 |
| 040 ## - CATALOGING SOURCE | |
| Original cataloging agency | AKMAL |
| 082 ## - DEWEY DECIMAL CLASSIFICATION NUMBER | |
| Classification number | 327 MAI |
| 090 ## - LOCALLY ASSIGNED LC-TYPE CALL NUMBER (OCLC); LOCAL CALL NUMBER (RLIN) | |
| Classification number (OCLC) (R) ; Classification number, CALL (RLIN) (NR) | 327 |
| Local cutter number (OCLC) ; Book number/undivided call number, CALL (RLIN) | MAI |
| 245 00 - TITLE STATEMENT | |
| Title | International conflict and conflict management |
| Remainder of title | readings in world politics |
| Statement of responsibility, etc. | edited by Robert O. Matthews, Arthur G. Rubinoff, Janice Gross Stein. |
| 260 ## - PUBLICATION, DISTRIBUTION, ETC. | |
| Place of publication, distribution, etc. | Scarborough, Ont. London |
| Name of publisher, distributor, etc. | Prentice-Hall |
| Date of publication, distribution, etc. | 1984. |
| 300 ## - PHYSICAL DESCRIPTION | |
| Extent | vii,534p. |
| Other physical details | ill. ; |
| Dimensions | 24cm |
| 650 0# - SUBJECT ADDED ENTRY--TOPICAL TERM | |
| Topical term or geographic name entry element | International relations. |
| 9 (RLIN) | 282 |
| 650 0# - SUBJECT ADDED ENTRY--TOPICAL TERM | |
| Topical term or geographic name entry element | World politics |
| Chronological subdivision | 1945-1989. |
| 9 (RLIN) | 3209 |
| 700 1# - ADDED ENTRY--PERSONAL NAME | |
| Personal name | Matthews, Robert O. |
| 9 (RLIN) | 3302 |
| 700 1# - ADDED ENTRY--PERSONAL NAME | |
| Personal name | Rubinoff, Arthur G |
| Dates associated with a name | 1942- |
| Fuller form of name | Arthur Gerald), |
| 9 (RLIN) | 3303 |
| 700 1# - ADDED ENTRY--PERSONAL NAME | |
| Personal name | Stein, Janice Gross. |
| 9 (RLIN) | 3304 |
| 852 41 - LOCATION | |
| Location | British Library |
| Sublocation or collection | DSC |
| 852 41 - LOCATION | |
| Location | British Library |
| Sublocation or collection | HMNTS |
| 942 ## - ADDED ENTRY ELEMENTS (KOHA) | |
| Source of classification or shelving scheme | |
| Koha item type | Book |
| Withdrawn status | Lost status | Source of classification or shelving scheme | Damaged status | Not for loan | Collection code | Home library | Current library | Shelving location | Date acquired | Inventory number | Total Checkouts | Full call number | Barcode | Date last seen | Price effective from | Koha item type |
|---|---|---|---|---|---|---|---|---|---|---|---|---|---|---|---|---|
| NON-FICTION | AKMAL Melaka | AKMAL Melaka | PINJAMAN | 11.05.2017 | 302101 | 327 MAI | 201703011 | 11.05.2017 | 11.05.2017 | Book |
